[Event "BLR-ch 71st"]
[Site "Minsk"]
[Date "2005.03.08"]
[Round "5"]
[White "Kovalev, Andrei"]
[Black "Kupreichik, Viktor D"]
[Result "1/2-1/2"]
[WhiteElo "2565"]
[BlackElo "2437"]
[Annotator "Erenburg,S"]
[PlyCount "61"]
[EventDate "2005.03.04"]
[EventType "tourn"]
[EventRounds "13"]
[EventCountry "BLR"]
[EventCategory "9"]
[SourceTitle "CBM 106"]
[Source "ChessBase"]
[SourceDate "2005.06.06"]
[SourceVersion "1"]
[SourceVersionDate "2005.06.06"]
[SourceQuality "1"]

{[%mdl 640]} 1. e4 c5 2. Nf3 Nc6 3. Bb5 g6 4. Bxc6 bxc6 ({More popular
recapture is} 4... dxc6) 5. O-O Bg7 6. Re1 Nh6 {The best way of development.
Black's knight will be transfered to a safe square f7.} 7. c3 {White prepares
to take control over the centre, carrying out d2-d4.} (7. d4 $6 {--> 0-1
Howell,D-McShane,L/Birmingham 2002 [Postny,E] (35)}) 7... O-O 8. h3 {A
prophylactic and also a waiting move. White does not want to reveal his plans
yet. More popular line is the immediate 8.d4.} (8. d4 cxd4 9. cxd4 d6 (9... d5
10. e5 {--> 1-0 Gallagher,J-Devereaux,M/Torquay 2002/CBM 91 [Rabinovich,Al] 
(41)}) 10. h3 f6 11. Nc3 Nf7 12. Be3 {--> 1-0 Baklan,V-Wagner,C/France 2003/
CBM 94 [Oratovsky,M] (54)}) 8... f6 {preparing the f7 square for the knight.} (
{Logical alternative is} 8... e5 9. d4 exd4 10. cxd4 cxd4 11. Nxd4 f5 {--> 0-1
Rublevsky,S-Sakaev,K/St Petersburg 2001/CBM 82 [Gershon] (23)}) 9. d4 Qb6 $146
{This move was played for the first time, in the previous game black tried
immediate capture on d4:} (9... cxd4 10. cxd4 Nf7 11. b3 d6 {---> 0-1
Fedorchuk,S-Oleksienko,M/Kharkov 2004/CBM 103/[Postny] (26)}) 10. b3 {
threatening to capture on c5 with following Ba3, that forces black to define
the pawn structure.} cxd4 11. cxd4 Nf7 {White's pawn structure is a bit better,
but, black's prospects in a long run are not bad, thanks to a pair of bishops.}
12. Nc3 d6 13. Be3 {trying to emphasize the defect of black's novelty on the
9-th move.} Qa5 14. Rc1 Bd7 15. Nd2 $1 {transfering the knight to c4.} Rac8 (
15... f5 16. Nc4 Qa6 17. e5 $14) 16. Nc4 Qd8 17. Qd2 ({Worth consideration:} 
17. Qe2 $5 f5 18. e5 Be6 {and now white has an extra tempo.}) 17... f5 18. e5
Be6 ({Black doesn't equalize after} 18... dxe5 19. dxe5 Nxe5 20. Nxe5 Bxe5 21.
Bh6 Bg7 22. Bxg7 Kxg7 23. Qd4+ Kg8 24. Qxa7 $16) 19. Qe2 {intending to put
some pressure along the "e" file.} Qd7 ({In case of} 19... g5 {white's chances
seems preferable:} 20. f4 g4 21. Bf2 $14) 20. Rcd1 {White realized, that he
needs his queenside rook on "d" file more, than on c1.} Nd8 $6 {allows white
to carry out the breakthrough in the centre.} (20... Rfd8 {seems more logical.
Black's position is reasonable. For instance:} 21. Bf4 (21. exd6 exd6 22. d5 $2
Bxc3 23. dxe6 Qxe6 {and now the d6 pawn is protected.}) 21... d5 22. Nb2 {
[%cal Yb2d3,Yd3c5]} g5 23. Bc1 c5 $13) 21. exd6 exd6 22. Bf4 $6 {missing more
attractive possibility:} (22. d5 $1 cxd5 (22... Bf7 23. dxc6 Rxc6 24. Nd5 $16)
(22... Bxc3 23. dxe6 Qxe6 24. Rxd6 $16) 23. Nxd5 Nf7 24. Rd2 $14) 22... Bxc4 $1
23. Qxc4+ (23. bxc4 {leads to approximately equal position.} Nf7 24. Qe7 Rc7
25. Qe3 $14 {/=.}) 23... Nf7 24. Na4 ({Probably, this was the last chance to
get an advantage:} 24. Re2 $5 Rfe8 25. Rde1 Rxe2 26. Rxe2 Re8 27. Rxe8+ Qxe8
28. Bxd6 Qe1+ 29. Kh2 Qxf2 30. Ne2 Bf8 31. Bg3 $14) 24... Rfe8 $11 {The
weakness of the c6 pawn is compensated by the weakness of white's d4 pawn.
Black is going to change all the rooks on "e" file, that will make the
position absolutely equal.} 25. Rc1 Rxe1+ 26. Rxe1 Re8 $1 27. Rxe8+ Qxe8 28.
Bxd6 Qe1+ 29. Kh2 Qxf2 30. Qe6 {threatening with Qe8.} ({Bad is} 30. Qxc6 Nxd6
31. Qxd6 Bxd4 $19) {[%tqu "En","Please find the strongest continuation for
black.","","","g7f8","",10]} 30... Bf8 $1 31. Bxf8 (31. Bxf8 Qf4+ 32. Kh1 Qf1+
33. Kh2 Qf4+ $11) (31. Be5 $2 f4 $132 {[%cal Yf4f3]}) 1/2-1/2

[Event "Cuernavaca m"]
[Site "Cuernavaca"]
[Date "2003.10.19"]
[Round "6"]
[White "Hernandez Guerrero, Gilberto Eduardo"]
[Black "Gonzalez Zamora, Juan Carlos"]
[Result "1-0"]
[WhiteElo "2538"]
[BlackElo "2510"]
[Annotator "Erenburg,S"]
[PlyCount "95"]
[EventDate "2003.10.14"]
[EventType "match"]
[EventRounds "6"]
[EventCountry "MEX"]
[SourceTitle "CBM 098"]
[Source "ChessBase"]
[SourceDate "2004.02.03"]
[SourceVersion "1"]
[SourceVersionDate "2004.02.03"]
[SourceQuality "1"]
[WhiteClock "1:59:49"]
[BlackClock "0:05:28"]

{[%mdl 16384]} 1. e4 c5 2. Nf3 Nc6 3. Bb5 g6 4. Bxc6 dxc6 5. d3 Bg7 6. h3 e5 {
Other theoretical possibilities are:} (6... Nh6 $5 {1/2-1/2 Rublevsky,
S-Ponomariov,R/Moscow 2002/CBM 91/[Rabinovich,Al] (29)}) (6... Nf6 {1/2-1/2
Bologan,V-Leko,P/Dortmund 2003/CBM 97_01/[Erenburg] (19)}) (6... b6 {0-1 Zhang
Pengxiang-Bu Xiangzhi/Yongchuan 2003/CBM 97_01/[Erenburg] (42)}) 7. Nc3 Qe7 8.
Be3 Nf6 9. Qd2 h6 {preventing an exchange of dark-squared bishops. Black has
the following continuations:} (9... Nd7 10. O-O {1/2-1/2 Anand,V-Ivanchuk,V/
Prague 2002/CBM 89/[Postny] (50)}) (9... O-O {1-0 Nevednichy,V-Bogdan,D/
Bucharest 1993/CBM 40/[Horvath,Ta] (37)}) 10. a3 {preparing the breakthrough
b2-b4.} Nd7 11. O-O Nf8 {transfering the knight to e6. Logical alternative to
the move in the game is} (11... a5 {preventing b2-b4.} 12. Nh2 a4 13. f4 exf4
14. Bxf4 Ne5 15. Nf3 Nxf3+ 16. Rxf3 g5 17. Be3 O-O (17... g4) 18. Raf1 $14 {
0-1 Lerner,K-Tseitlin,M/ch-ISR, Tel Aviv ISR 2002 (54)}) 12. b4 Ne6 13. Na4 ({
White has got the advantage after} 13. bxc5 $5 Nxc5 14. Rfe1 Ne6 15. Ne2 h5 (
15... c5) 16. a4 O-O 17. Bh6 $14 {1-0 Spasov,V-Smirnov,P/Istanbul 2003/CBM 96 
[Postny] (54)}) 13... b6 14. Rab1 $6 $146 {This novelty is dubious. In the
previous game white continued} (14. Nh2 f5 15. f3 f4 16. Bf2 h5 17. bxc5 b5 18.
Nb2 g5 19. d4 exd4 20. Nd3 Nxc5 $17 {0-1 Ponomariov,R-Kramnik,V/XX SuperGM,
Linares ESP 2003 (40)}) 14... f5 15. Qd1 $6 {In my opinion, white should open
the "e" file in order to get a counterplay.} (15. exf5 gxf5 16. Qe2) 15... f4 {
Now black has an initiative on the kingside, while white hasn't any
counterplay and has to defend passively.} (15... fxe4 {was strong as well.} 16.
dxe4 Ba6 17. Re1 Rd8 18. Nd2 (18. Qc1 Nd4) 18... cxb4 19. axb4 O-O $15) 16. Bd2
h5 17. Nh2 {White has to play very passively in order to neutralize black's
attack.} (17. bxc5 {doesn't help white.} b5 18. Nb2 g5) 17... g5 18. f3 Bd7 (
18... Nd4 $5 {comes to consideration.}) 19. Be1 {transfering the bishop to f2.}
Kf7 {preparing to add the rook to attack on the white monarch.} 20. Bf2 Rag8
21. bxc5 b5 22. Nc3 g4 (22... Nd4 {probably, was a little slow.} 23. Ne2 Qxc5
24. Nxd4 exd4 25. a4 $132) 23. fxg4 hxg4 24. Nxg4 Ng5 {Now black is ready to
attack white's kingside on the "g" and "h" files. Currently the threat is Bf6
followed by Bxg4 or immediately Bxg4.} 25. h4 Bf6 $5 ({Comes to consideration} 
25... Ke8 26. hxg5 $140 Qxg5 $19) 26. d4 ({White cannot take the knight, in
veiw of strong attack.} 26. hxg5 Rxg5 27. Nxf6 Qxf6 {[%cal Gg5g2]} 28. Ne2 $8
Bg4 $3 $40 {[%cal Gg5h5,Gf6h6,Yg4e2]}) 26... Nh3+ $4 {Black sacrifices the
knight, but fails to justify this sacrifice.} ({Simple} 26... Bxg4 {was
stronger:} 27. Qxg4 Nxe4 28. Qf3 Nxf2 29. Rxf2 (29. Qxf2 Bxh4 30. Qf3 Bg3 $19)
29... Rg3 (29... Bxh4 30. Re2 Bg3 31. Rxe5 Qh4 32. Kf1) 30. Qxc6 Rxc3 31. Rxb5
Qe6 32. Rb7+ Be7 $15) 27. gxh3 Bxg4 (27... exd4 {is parried by} 28. e5) 28.
hxg4 Bxh4 (28... exd4 {is parried again by} 29. e5 $1 (29. Bxd4 Bxd4+ 30. Qxd4
Rxg4+ 31. Kf2 Rd8 $1 $40) 29... Qxe5 (29... Bxe5 30. Ne4 Rxh4 31. Bxh4 Qxh4 32.
Rf2 $18) 30. Re1 Qh5 31. Ne4 Rxg4+ 32. Kf1 $18) 29. dxe5 Rg6 30. e6+ (30. Bd4
$1 {[%csl Yg4][%cal Ge5e6,Gf1f4,Yd1g4] was stronger.}) 30... Kg8 (30... Qxe6 {
doesn't change anything:} 31. Bxh4 Rxg4+ 32. Kf2 Rhxh4 33. Ke1 $18) 31. Qf3 (
31. Bd4 {wins as well.}) 31... Bf6 (31... Qxe6 32. Bxh4 Rxh4 33. Ne2 $18 (33.
Kf2 $18)) 32. e5 $2 {White gives too many pawns, thus, increases black's
chances.} ({While} 32. Ne2 {wins immediately:} Qxe6 (32... Qh7 33. Rfd1) 33.
Qb3 Rxg4+ 34. Bg3 $18) 32... Bxe5 33. Ne2 $6 ({Better was} 33. Rfe1 Qxe6 34.
Kf1 $18) 33... Qxe6 34. Rfd1 Rxg4+ ({White could get some chances after} 34...
Qxg4+ 35. Qxg4 Rxg4+ 36. Kf1 Rh1+ 37. Ng1 f3 38. Rd8+ Kf7 39. Rb3 Bh2 40. Rxf3+
Ke7 41. Rd4 $16) 35. Kf1 $18 {White is a piece up and black's attack is
parried, so the rest is a matter of technique.} Rh2 36. Rd8+ Kf7 37. Rbd1 Rgg2
(37... Bf6 38. R1d7+ Be7 39. Nxf4 $18) 38. R1d7+ Kg6 39. Rd6 {Black could
resign right here, but continues for a few more pointless moves.} Rxf2+ 40.
Qxf2 Rxf2+ 41. Kxf2 Bxd6 42. Rxd6 Kf7 43. Rxe6 Kxe6 44. Nxf4+ Ke5 45. Ke3 a6
46. c3 a5 47. Kf3 Kf5 48. Nd3 1-0

[Event "Montreal 4th"]
[Site "Montreal"]
[Date "2003.07.23"]
[Round "1"]
[White "Rozentalis, Eduardas"]
[Black "Nataf, Igor Alexandre"]
[Result "1-0"]
[WhiteElo "2586"]
[BlackElo "2549"]
[Annotator "Erenburg,S"]
[PlyCount "57"]
[EventDate "2003.07.23"]
[EventType "tourn"]
[EventRounds "11"]
[EventCountry "CAN"]
[EventCategory "11"]
[SourceTitle "CBM 097"]
[Source "ChessBase"]
[SourceDate "2003.11.11"]
[SourceVersion "1"]
[SourceVersionDate "2003.11.11"]
[SourceQuality "1"]

1. e4 c5 2. Nf3 Nc6 3. Bb5 g6 4. O-O (4. Bxc6 {is another popular theoretical
line, where white has some chance to get the advantage.}) 4... Bg7 5. c3 Nf6 6.
Re1 O-O 7. d4 d5 8. e5 ({Doesn't promise anything special:} 8. exd5 $6 {
See commented game 0-1 Gubanov,A-Svidler,P/St Petersburg 1995/CBM 47/[Svidler]
(27)}) 8... Ne4 9. Bxc6 {White has tried the following continuations:} (9. Nbd2
Qb6 $5 10. Bxc6 Qxc6 11. dxc5 Nxc5 12. Nb3 Bg4 $13) (9. h3 Qb6 10. Bxc6 bxc6
11. Nbd2 Nxd2 12. Bxd2 cxd4 13. cxd4 Qxb2 $17 {Jozsa-Meszaros/Hungary/1995}) (
9. Ng5 Bf5 10. Nxe4 dxe4 11. Be3 Qb6 12. Qa4 Rfd8 13. Bxc6 bxc6 14. Nd2 Qxb2
15. Rab1 Qxc3 16. Rec1 Qd3 17. Rxc5 Rab8 18. Rbc1 $13 {0-1 Zavgorodniy,
S-Guseinov,K/Moscow 2002/CBM 88 (49)}) 9... bxc6 10. Nbd2 ({Another option is} 
10. dxc5 {0-1 Schneider,D-Ni Hua/Seattle 2001/CBM 82/[Atlas,V] (37)}) 10...
cxd4 11. cxd4 c5 {As black has a pair of bishops, he opens the position, at
the same time, trying to improve his pawn structure.} (11... Bf5 12. Nf1 (12.
Nb3 a5 13. Be3 a4 14. Nc5 Nxc5 15. dxc5 Bg4 16. Bd4 $11 {1-0 Belkhodja,
S-Stranjakovitch,J/Paris 1992/EXT 97 (33)}) 12... f6 13. exf6 exf6 14. Ng3 Nxg3
$146 (14... Bg4 15. Nxe4 dxe4 16. Rxe4 f5 17. Re3 Bxf3 18. Rxf3 Qxd4 19. Rd3
Qc4 {1/2-1/2 Kveinys,A-Lanka,Z/Zillertal 1993/EXT 98 (19)}) 15. hxg3 Qb6 16. b3
Rfe8 17. Be3 (17. Ba3 $2 Bh6 {[%csl Gc1][%cal Gh6c1]} 18. Be7 (18. Bc1 Bf8 $15)
18... Kf7 19. Bc5 Qa6 $17 {[%cal Gf5b1,Gh6c1] 0-1 Ardeleanu,A-Grigore,G/Iasi
1999/ (42)}) 17... Bf8 18. Nh4 (18. Rc1 Ba3 19. Rc3 Bb4 $19) 18... Bc8 19. Qc2
$14) 12. dxc5 Nxc5 ({Worse is} 12... Bg4 $2 13. Nb3 Rc8 14. Qd4 f6 15. exf6
Bxf6 16. Ne5 Bxe5 17. Qxe5 Nxc5 18. Nxc5 Rxc5 19. Be3 Rc4 20. Bd4 $18 {[%csl
Gg8][%cal Gd4h8] 1-0 Rozentalis,E-Muir,A/Batumi GEO 1999 (27)}) 13. Nb3 Nxb3 {
The best possibility, in my opinion. While black has other ones:} (13... Ne4
14. Bf4 f6 15. exf6 $2 (15. Qd4 $142) 15... Bxf6 16. Bc7 $6 Qd7 17. Be5 Bxe5
18. Nxe5 Qd6 19. Qd4 Nxf2 20. Rf1 Rf5 21. Rae1 Ne4 $17 {1-0 Oral,T-Babula,V/
Olomouc 1997/CBM 61 (33)}) (13... Na4 14. Nfd4 Qb6 15. Rb1 Bd7 16. Bg5 Rfe8 17.
Qd2 Rac8 18. Bh6 Bh8 19. h4 Rc4 20. h5 Qb4 21. Qe3 e6 22. Red1 Qb8 23. Re1 Qb6
24. Bg5 Rb4 25. h6 Nc5 26. Nxc5 Qxc5 27. Red1 $14 {1/2-1/2 Zahariev,
Z-Kotronias,V/Ano Liosia 1997/EXT 98 (87)}) 14. Qxb3 d4 $1 {opening the
diagonals a8-h1 and g8-a2 for light-squared bishop, thus, trying to solve the
only problem of his position.} (14... Re8 {See annotated game 1/2-1/2
Ardeleanu,A-Rogozenko,D/Iasi 1999/CBM 75/[Gershon] (33)}) (14... a5 15. Nd4 Qd7
16. Bd2 e6 17. a4 Ba6 18. Qg3 Rfb8 19. b3 Bf8 20. Rec1 Bb4 21. Bxb4 Rxb4 22.
Nc6 Rb6 23. Nxa5 $16 {0-1 Pedzich,D-Oral,T/Loewenstein 1997/CBM 58 ext (36)})
15. Bf4 $146 {According to my database, this position appeared for the first
time. In the previous games white tried to get advantage after following
continuations:} (15. Qb4 d3 16. Bg5 Re8 17. Rad1 h6 18. Bh4 a5 19. Qb3 Bf5 $15
{0-1 McShane,L-Van Wely,L/4th IECC, Istanbul TUR 2003 (45)}) (15. Rd1 Be6 16.
Qa3 Qb6 $1 17. Nxd4 Bxe5 $11 {1/2-1/2 Volzhin,A-Motylev,A/Dubai 2002/CBM 87
ext (26)}) (15. Bg5 h6 16. Bh4 g5 17. Bg3 Bf5 18. Rad1 d3 19. e6 $5 f6 $6 (
19... Bxe6) 20. Rd2 $14 {0-1 Kveinys,A-Degraeve,J/Bled 2002/EXT 2003 (55)}) (
15. Qd3 Bb7 $1 16. Qxd4 Qxd4 17. Nxd4 Rfd8 $11 {1/2-1/2 Grischuk,A-Leko,P/
Dubai 2002/CBM 89 (29)}) 15... Bg4 ({Deserves attention:} 15... Bf5 16. Rad1 d3
$13) 16. Qa3 $5 {[%cal Ya3e7,Ya3a7] taking aim on the black pawns a7 and e7.} (
{Comes to consideration:} 16. Qd3 Rb8 17. b3 Qd5 $1 18. Re4 (18. Nxd4 Rfd8 19.
Qg3 Qxd4 20. Qxg4 Bxe5 $15) 18... Rb4 $13) 16... Qb6 (16... Qd5 {is
interesting alternative, whose idea is the transfer of the queen to b7.} 17.
Nd2 Qb7 $13) 17. Rad1 ({Nothing gives} 17. Qxe7 Bxf3 18. gxf3 Rfe8 19. Qa3 (19.
Qd6 Qxb2) 19... f6 $36) 17... Rfd8 ({Probably, better was} 17... Bxf3 18. gxf3
(18. Qxf3 Qxb2 $15) 18... e6 $1 {[%cal Gf7f6]}) 18. Qxe7 Bxf3 19. gxf3 Qxb2 20.
e6 $1 Rf8 $8 (20... fxe6 21. Rb1 Qc3 22. Rb7 d3 23. Re5 $1 $18) (20... Qxa2 21.
Qxf7+ Kh8 22. Rb1 $1 $40) 21. Qd7 Qxa2 $4 {[%mdl 8192] loses on the spot.} (
21... fxe6 22. Rb1 $18 {[%cal Gb1b7]}) ({Black should continue} 21... Qc3 $1 {
[%cal Yc3c8,Gc3f3]} 22. e7 (22. Bd6 Qxf3 23. Bxf8 Qg4+ 24. Kf1 Qh3+ $11) 22...
Rfe8 23. Kg2 (23. Bc7 Bf6 24. Bd8 Raxd8 25. exd8=Q Rxd8 26. Qxa7 Qxf3 $13) (23.
Be5 Bxe5 24. Rxe5 Qxf3 {and the position is still not so clear.}) 23... Qc8 {
with acceptable position.}) 22. e7 $18 {Black has nothing to do against the
powerful passed "e" pawn, so his defeat is unavoidable.} Rfe8 23. Ra1 $1 Qb3 (
23... Qc4 {doesn't change anything:} 24. Rxa7 Qc8 25. Qxe8+ Qxe8 26. Rxa8 $18)
24. Rxa7 Qc3 (24... Rac8 25. Qxc8 Rxc8 26. e8=Q+ Rxe8 27. Rxe8+ Bf8 28. Bh6 $18
) (24... Qxf3 25. Rxa8 Qxa8 26. Bc7 $18 {[%cal Gc7d8]}) 25. Rxa8 Qxe1+ 26. Kg2
Rxa8 27. Qd8+ Rxd8 28. exd8=Q+ Bf8 29. Bd6 1-0